Famous Quotes Quiz Stats

 Plays Quiz Updated Oct 22, 2018

Score 0/14 Timer 05:00
0 Plays Today
Quote Person % Correct
If you are going through hell, keep going.Winston Churchill
46.7%
You must be the change you wish to see in the world.Mahatma Gandhi
46.5%
What do I wear in bed? Why, Chanel No.5, of course.Marilyn Monroe
44.8%
A dictatorship would be a heck of a lot easier, there's no question about it.George W. Bush
39.7%
I only regret that I have but one life to give my country.Nathan Hale
25%
I don't care to belong to a club that accepts people like me as members.Groucho Marx
24.1%
You tried your best and you failed miserably. The lesson is 'never try'.Homer Simpson
19.6%
Quote Person % Correct
There never was a good war or a bad peace.Benjamin Franklin
14.5%
It's not the size of the dog in the fight, it's the size of the fight in the dogMark Twain
12.1%
If you stare into the Abyss long enough the Abyss stares back at you.Friedrich Nietzsche
8.9%
Glory is fleeting, but obscurity is forever.Napoleon Bonaparte
8.6%
Don't cry because it's over. Smile because it happened.Dr. Seuss
7.8%
It's kind of fun to do the impossible.Walt Disney
7.6%
It is not sufficient that I succeed. Everyone else must fail.Genghis Khan
3.7%

You're not logged in!

Compare scores with friends on all Sporcle quizzes.
OR
Log In

Sporcle TV

Today on Sporcle TV


Watch our educational content, quiz creation guides, and fun videos on Sporcle TV.

Show Comments

Extras

Top Quizzes Today


Score Distribution

Your Account Isn't Verified!

In order to create a playlist on Sporcle, you need to verify the email address you used during registration. Go to your Sporcle Settings to finish the process.

Report this User

Report this user for behavior that violates our Community Guidelines.

Details: